| 000 | 00000nam##2200000za#4500 |
| 001 | 9.638133 |
| 003 | CaOODSP |
| 005 | 20220107135329 |
| 007 | cr ||||||||||| |
| 008 | 150407|2010||||xxc|||||o f|0| 0 fre|d |
| 020 | |a978-1-100-96054-8 |
| 040 | |aCaOODSP|bfre |
| 043 | |an-cn--- |
| 086 | 1 |aHP5-103/2010F-PDF |
| 110 | 2 |aAgence de santé publique du Canada. |bDivision des services de vérification. |
| 245 | 10|aRapport de vérification - communications en situation de crise |h[ressource électronique] |
| 260 | |aOttawa - Ontario : |bAgence de santé publique du Canada. |cOctobre 2010. |
| 300 | |a42p.|btableaux |
| 590 | |a12-25-Supp|b2012-06-04 |
| 691 | 07|aCommunications|2gcpds |
| 691 | 07|aCrise|2gcpds |
| 775 | 08|tAudit report - crisis communications |w(CaOODSP)9.693952 |
| 856 | 40|ahttp://publications.gc.ca|qPDF|s216 Ko|uhttps://publications.gc.ca/collections/collection_2012/aspc-phac/HP5-103-2010-fra.pdf |